Geography Quiz

Random Geography or City Quiz

Cities of the Pacific Northwest Quiz Stats

 Plays Quiz not verified by Sporcle

Challenge
Share
Tweet
Embed
Score 0/40 Timer 10:00
0 Plays Today
State/Province City % Correct
WA Seattle
97.6%
BC Vancouver
97.4%
WA Vancouver
97.4%
OR Portland
97.2%
WA Tacoma
86.6%
WA Spokane
86.2%
OR Salem
84.4%
OR Eugene
82.3%
BC Victoria
75.8%
WABellevue
57.7%
WA Everett
53.4%
WA Bellingham
53.4%
BC Surrey
52.8%
OR Bend
48.3%
BCKelowna
46.1%
WAYakima
45.8%
BCKamloops
44.9%
OR Medford
43.5%
BC Richmond
43.2%
ORBeaverton
42.3%
State/Province City % Correct
BC Burnaby
41.4%
BC Abbotsford
40.9%
OR Gresham
40.8%
WAKent
35.4%
OR Corvallis
35.3%
BCPrince George
35%
BC Nanaimo
33.1%
WAKennewick
32.4%
ORHillsboro
31.7%
WA Federal Way
29.8%
BC Coquitlam
29.5%
BCChilliwack
26.3%
OR Springfield
25.3%
BC Delta
24.9%
BC Langley
24.6%
BC Saanich
20.5%
WA Auburn
20.3%
WA Shoreline
16.4%
WA Lakewood
14.2%
BC Vernon
13.2%

You're not logged in!

Compare scores with friends on all Sporcle quizzes.
OR
Log In

You Might Also Like...

Show Comments

Extras

Top Quizzes Today


Score Distribution

Your Account Isn't Verified!

In order to create a playlist on Sporcle, you need to verify the email address you used during registration. Go to your Sporcle Settings to finish the process.

Report this User

Report this user for behavior that violates our Community Guidelines.

Details: